| 000 | 00518nam a2200193Ia 4500 | ||
|---|---|---|---|
| 003 | GCL | ||
| 008 | 140319s9999 xx 000 0 eng d | ||
| 040 |
_aGCL / _cGCL |
||
| 082 | 0 | 4 |
_aVT _b791.43 _bB S |
| 100 | 1 | _aALZADO, LYLE | |
| 245 | 1 | 0 |
_aSHOCK TROOP : _bحرب الجواسيس / _cALZADO, LYLE |
| 700 | 1 | _aCHRISTIAN, J. | |
| 260 |
_a[S.N] : _bELGEZERA FILM |
||
| 300 |
_a1\2 INCH ؛ _c1 FILM ( 135 MIN ) |
||
| 650 | 0 | 4 | _aMOTION PICTURES |
| 650 | 0 | 4 | _aVIDEO TAPES |
| 650 | 0 | 4 | _aACTION FILMS |
| 942 |
_2ddc _cVM |
||
| 999 |
_c16566 _d16566 |
||